Представление документа в формате RUSMARC

ПолеНазваниеЗначение
  Тип записи a
  Библиографический уровень m
001 Контрольный номер RU/SLIB/B/208702602
005 Дата корректировки 20251203144411.2
010 Индекс ISBN __
d Цена 25-00
101 Язык документа 0_
a Язык текста rus
200 Заглавие и сведения об ответственности 1_
a Заглавие Рассказы о художниках
e Сведения, относящиеся к заглавию для ст. шк. возраста
f Первые сведения об ответственности Долгополов И. В. ; вступ. ст. А. Чегодаева
b Общее обозначение материала Текст
210 Выходные данные 1_
a Место издания М.
c Издательство Изобраз. искусство
d Дата издания 1975
215 Физическое описание __
a Объем 592 с.
c Иллюстрации/тип воспроизводства ил.
600 Персоналии _1
a Персоналии (Фамилия) Рембрандт, Х. ван Р.
600 Персоналии _1
a Персоналии (Фамилия) Леонардо да Винчи
600 Персоналии _1
a Персоналии (Фамилия) Рубенс, П. П.
600 Персоналии _1
a Персоналии (Фамилия) Гойя
b Персоналии (Имя) Ф. Х. де
g Полное имя Франсиско Хосе де
f Даты 1746-1828
600 Персоналии _1
a Персоналии (Фамилия) Домье, О.
600 Персоналии _1
a Персоналии (Фамилия) Жерико, Т.
600 Персоналии _1
a Персоналии (Фамилия) Мане, Э.
600 Персоналии _1
a Персоналии (Фамилия) Базиль, Ф.
600 Персоналии _1
a Персоналии (Фамилия) Ренуар, О.
600 Персоналии _1
a Персоналии (Фамилия) Дега, Э.
600 Персоналии _1
a Персоналии (Фамилия) Бурдель, Э. А.
600 Персоналии _1
a Персоналии (Фамилия) Левицкий, Д. Г.
600 Персоналии _1
a Персоналии (Фамилия) Брюллов, К. П.
600 Персоналии _1
a Персоналии (Фамилия) Федотов, П. А.
600 Персоналии _1
a Персоналии (Фамилия) Ге, Н. Н.
600 Персоналии _1
a Персоналии (Фамилия) Саврасов, А. К.
600 Персоналии _1
a Персоналии (Фамилия) Репин, И. Е.
600 Персоналии _1
a Персоналии (Фамилия) Суриков, В. И.
600 Персоналии _1
a Персоналии (Фамилия) Рябушкин, А. П.
600 Персоналии _1
a Персоналии (Фамилия) Врубель, М. А.
600 Персоналии _1
a Персоналии (Фамилия) Серов, В. А.
600 Персоналии _1
a Персоналии (Фамилия) Малявин, Ф. А.
600 Персоналии _1
a Персоналии (Фамилия) Кустодиев, Б. М.
600 Персоналии _1
a Персоналии (Фамилия) Грабарь, И. Э.
600 Персоналии _1
a Персоналии (Фамилия) Кончаловский, П. П.
600 Персоналии _1
a Персоналии (Фамилия) Томский, Н. В.
600 Персоналии _1
a Персоналии (Фамилия) Дейнека, А. А.
600 Персоналии _1
a Персоналии (Фамилия) Пименов, Ю. И.
600 Персоналии _1
a Персоналии (Фамилия) Нисский, Г. Г.
600 Персоналии _1
a Персоналии (Фамилия) Ромадин, Н. М.
600 Персоналии _1
a Персоналии (Фамилия) Пластов, А. А.
606 Тематические рубрики __
a Основная рубрика Изобразительное искусство и архитектура
y Географическая подрубрика Россия; Европа
606 Тематические рубрики __
a Основная рубрика История живописи
610 Ключевые слова 0_
a Ключевые слова художники; персоналии; русская живопись; европейская живопись; французская живопись
686 Индексы других классификаций __
2 Код системы rubbks
a Классификационный индекс ст85.143(0)г
700 Автор _1
a Фамилия Долгополов
b Имя И. В.
4 Код отношения 070
801 Источник записи _0
a Страна RU
b Организация Муниципальное бюджетное учреждение культуры "Централизованная библиотечная система" г. Сургут (Центральная городская библиотека им. А. С. Пушкина)
g Правила каталогизации Об/Кундохова
801 Источник записи _1
a Страна RU
b Организация Муниципальное бюджетное учреждение культуры "Централизованная библиотечная система" г. Сургут (Центральная городская библиотека им. А. С. Пушкина)
g Правила каталогизации Об/Кундохова
852 Данные о местонахождении __
j Шифр хранения ст85.143(0)г
c Каталожный индекс ст85.143(3); ст85.143(2)
i Авторский знак Д64
p Инвентарный номер 66827
901 Тип документа __
t Тип документа m
903 Характеристики (МАРС) __
a Дата передачи 19980316
990 Данные о заказе (DOS) __
j Количество экземпляров (DOS) 1
t N записи в КСУ для И/У (DOS) 199801